Vláknité žároizolace Sibral - rozšírení palety výrobků

Podrobná bibliografia
Hlavný autor: Škvára, Petr (Author)
Médium: Článok
Jazyk:Czech
Témy:
Zdroj: 1. Slévárenství 1. 0037-6825 1. Roč. 54, č. 6 (2006), s. 232
LEADER 00738nab#a2200265#ar4500
001 000080713
003 SVKKK
005 20061002134035.0
008 060926c2006 xo e cze
FMT
038 |a SVKKK 
040 |a SVKKK  |b slo  |e AACR2 
041 0 |a cze 
044 |a xo  |c SK 
080 |a 66.043.1  |2 1997 
100 1 |a Škvára, Petr  |4 aut 
245 1 0 |a Vláknité žároizolace Sibral - rozšírení palety výrobků  |c Petr Škvára 
610 2 4 |a Keraunion  |x firma výrobná  |x materiály žiaruvzdorné (Česko) 
650 0 4 |a Sibral  |x materiály žiaruvzdorné  |x výroba 
773 0 |t Slévárenství  |x 0037-6825  |g Roč. 54, č. 6 (2006), s. 232 
974 |a MI 
992 |a RBX 
BAS
852 |a SVKKK  |b BIB 
998 |a HUT